[Event "Alumni-Lburn"]
[Site "?"]
[Date "1998.10.13"]
[Round "?"]
[White "Czerniecki,K"]
[Black "Gates, Elise"]
[Result "1-0"]
[WhiteElo "2036"]
[BlackElo "1830"]
[PlyCount "89"]
[EventDate "1998.??.??"]

1. Nf3 Nf6 2. g3 g6 3. Bg2 Bg7 4. d3 c5 5. O-O O-O 6. e4 Nc6 7. c3 d6 8. Nbd2
Qc7 9. a4 a6 10. h3 Rb8 11. Re1 b5 12. axb5 axb5 13. Nf1 h6 14. Ne3 14... e5 { 
} 15. Nd5 Nxd5 16. exd5 {Is the d5 pawn an asset or a liability?} 16... Ne7 17.
Nd2 f5 18. Nf1 Kh7 19. Qe2 Ng8 20. f4 20... Re8 { } 21. d4 cxd4 22. cxd4 {
No captures because of hanging Re8! but how about...} 22... e4 23. Rd1 Nf6 24.
Ne3 {  White's d pawns cover most center squares, but can they be won?} 24...
Bd7 (24... Bb7 $2 25. Qxb5 Bxd5 26. Nxd5 $3 { } 26... Qxc1 (26... Qf7 $4 {
or other moves beside Qxc1...} 27. Nxf6+ Bxf6 28. Qe2 $18) 27. Nxf6+ Bxf6 28.
Qd7+ $18) 25. Bd2 b4 (25... Qb7 26. Bb4 26... Bf8 {
nabs the d-pawn, greedy me...}) 26. Be1 {Yes, the b-pawn is restricting this
Bishop, but Black is tied to defend it with major pieces.  At b5, it is easier
to defend. } 26... Qb6 27. Bf1 Bf8 28. b3 Rec8 29. Qb2 Ra8 30. Bc4 {
If Black's pawn had remained on b5, this strong move wouldn't be possible.}
30... Bg7 31. Kg2 Nh5 32. Nc2 g5 33. fxg5 hxg5 34. Bxb4 {
White is taking over... } 34... g4 $2 ({Black can get 2 passers with...} 34...
f4 35. g4 (35. gxf4 35... gxf4 {and Black may have some Kside pressure}) 35...
Nf6 (35... Ng3 $2 36. Be1)) 35. hxg4 fxg4 36. Rh1 {
Now the open lines favor White} 36... Be8 37. Bc3 Qd8 38. Ne3 Qf6 39. Raf1 Qg5
40. Qe2 40... Bd7 { } 41. Rxh5+ $1 41... Qxh5 42. Rh1 Qxh1+ 43. Kxh1 Rf8 44.
Nxg4 Bxg4 45. Qxg4 1-0

[Event "Lburn-Alumni"]
[Site "?"]
[Date "1998.10.13"]
[Round "?"]
[White "Eaman, Rob"]
[Black "Golla, Roman"]
[Result "1/2-1/2"]
[WhiteElo "1626"]
[BlackElo "1955"]
[PlyCount "120"]
[EventDate "1998.??.??"]

1. e4 g6 2. Nf3 Bg7 3. d4 d6 4. Be2 Nf6 5. e5 dxe5 6. Nxe5 O-O 7. O-O c5 8.
dxc5 Qc7 9. Nf3 Rd8 10. Qe1 Qxc5 11. Nc3 Nc6 12. Be3 Qa5 13. a3 e5 14. b4 {
This opens the long diagonal to Black's advantage. -e4 is in the air.} 14...
Qc7 15. Nb5 Qb8 16. c4 16... Ng4 {
17. Bg5 saves  B and maintains Kside pawn structure.} 17. g3 Nxe3 18. fxe3 a6
19. Nc3 Bh3 20. Rf2 h6 21. Nd2 Ne7 22. c5 b5 ({  White threatens Ne4-d6} 22...
Qc7 23. Nde4 Nf5) 23. Bf3 Ra7 24. Nde4 f5 25. Nd6 e4 26. Bd1 {
White's minor pieces are too strong, so...} 26... Rxd6 27. cxd6 Qxd6 28. Bb3+
Kh7 29. Rc2 29... Qe5 {29 -Bg4 would secure d-file} 30. Rd1 Bg4 31. Ne2 Bf3 32.
Qd2 h5 33. Qd6 h4 34. Qxe5 Bxe5 35. Kf2 g5 36. Rcd2 hxg3+ 37. hxg3 Kg7 38. Rd7
Rxd7 39. Rxd7 39... Kf6 { } 40. Nd4 Bg4 41. Ra7 Bxd4 42. exd4 f4 43. Rxa6+ Kg7
44. gxf4 gxf4 45. Be6 e3+ 46. Ke1 Bh5 47. d5 f3 48. d6 f2+ 49. Kf1 {
Black has a clear win if he can force White King away from e2 and f1.} 49...
Bg6 {with idea of Bd3+} 50. Bg4 50... Bd3+ $2 (50... Nf5 $1 {
threatens Ng3+ followed by queening f-pawn WITH CHECK.} 51. Ra7+ (51. Bxf5 Bxf5
52. Ra7+ (52. Ke2 Bd3+) 52... Kf6) 51... Kf6 52. d7 Ng3+ 53. Kg2 f1=Q+ 54. Kxg3
Qf2+ 55. Kh3 55... Ke7 $19) 51. Be2 Bxe2+ 52. Kxe2 52... Nf5 { Comparing this
with the 50- Nf5 note, you notice that here Black queens, WITHOUT checking,
allowing White the tempo to also queen.} 53. d7 Ng3+ 54. Kxe3 f1=Q 55. d8=Q
55... Qe2+ {
If White can force Black to not check, he wins with Qc7+ followed by Ra8 mate.}
56. Kf4 Nh5+ 57. Kf5 Ng3+ 58. Kf4 Nh5+ 59. Kf5 Ng3+ 60. Kf4 {Last chance to
try Kg5. The configuration to stop checks would be to get the King next to the
Knight on a square the Knight can't move and check, forcing Queen to protect. 
But can Black lose Knight and perpetually check? Let's see...} ({Like this...} 
60. Kg5 60... Qe5+ 61. Kg4 { } 61... Qe4+ 62. Kh3 (62. Kxg3 Qe3+ 63. Kg4 Qe4+ (
63... Qe2+ 64. Kf4 {RRRRRRRRRRRRRRUEBEN} 64... Qc4+ 65. Ke5 Qe2+ (65... Qc3+
66. Qd4 Qc7+ 67. Kf5+) 66. Kd6 Qh2+ 67. Kc5 Qe5+ 68. Kb6 Qe6+ 69. Ka5) 64. Kh5
{ } 64... Qe2+ (64... Qf5+ 65. Qg5+ $18) (64... Qf3+ 65. Kg5 Qg2+ 66. Kf5 Qf3+
67. Ke6 Qe4+ 68. Kd6 68... Qg6+ {
see final diagram.. reached same position from different moves.} 69. Ke5))
62... Qh1+ 63. Kxg3 Qg1+ 64. Kf4 Qf2+ 65. Ke5 65... Qg3+ { } 66. Ke6 66... Qg6+
{ } 67. Ke5 Qxa6 (67... Qh5+ 68. Kf4 {the idea is to not allow checks from
first rank, so White King can cross to safety on Queenside...} 68... Qh2+ 69.
Ke3 Qg3+ (69... Qg1+ 70. Kd2) {RRRRRUEBEN} 70. Kd2 { } 70... Qf4+ (70... Qf2+
71. Kc3 Qe3+ 72. Qd3 Qe1+ 73. Kb2 Qf2+ 74. Qc2 Qd4+ 75. Qc3 $18) 71. Kc2 Qc4+
72. Kd1 Qf1+ 73. Kd2 Qf4+ 74. Kc2 74... Qc4+ $11) 68. Qe7+ $18 {
and all King moves allow Qe6+ or Qf6+ forcing won Pawn ending...}) 60... Nh5+ {
My analysis is not complete, but I've highlighted White's two plans that win. 
It's nice to sit at home, not worrying about theclock!} 1/2-1/2

[Event "Alumni-Lburn"]
[Site "?"]
[Date "1998.10.13"]
[Round "?"]
[White "Franek, Marty"]
[Black "Baysingar, Dave"]
[Result "1-0"]
[WhiteElo "1785"]
[BlackElo "1381"]
[PlyCount "95"]
[EventDate "1998.??.??"]

1. d4 d5 2. c4 Nf6 3. cxd5 Qxd5 4. Nc3 Qd8 5. Nf3 e6 6. Bg5 Bb4 7. e4 h6 8.
Bxf6 Qxf6 9. Qa4+ Nc6 10. Bb5 Bd7 11. O-O Bxc3 12. bxc3 a6 13. d5 Nb8 14. Bxd7+
Nxd7 15. dxe6 Qxe6 16. Nd4 Qe5 17. Rfd1 b5 18. Qc2 O-O 19. Nf3 Qe6 20. Rd4 c5
21. Rd2 Nf6 22. e5 Nd7 23. Re1 Ra7 24. Rd6 Qe7 25. Qd2 Nb8 26. h3 Rd7 27. Qf4
c4 28. Qg3 Rxd6 29. exd6 Qd8 30. Nh4 Re8 31. Rd1 Re2 32. Nf5 g6 33. Nxh6+ Kf8
34. Nxf7 Qe8 35. Qf3 Qe4 36. Qxe4 Rxe4 37. d7 Nxd7 38. Rxd7 Re7 39. Rxe7 Kxe7
40. Ne5 b4 41. Nxc4 bxc3 42. Ne3 Ke6 43. Kf1 Ke5 44. Ke2 Kd4 45. h4 a5 46. g4
Ke4 47. h5 gxh5 48. gxh5 1-0

[Event "Lburn-Alumni"]
[Site "?"]
[Date "1998.10.13"]
[Round "?"]
[White "Bannon, Bill"]
[Black "Davidson, Mike"]
[Result "0-1"]
[WhiteElo "1165"]
[BlackElo "1608"]
[PlyCount "90"]
[EventDate "1998.??.??"]

1. e4 e6 2. Nf3 d5 3. exd5 exd5 4. d4 Nf6 5. Be2 Ne4 6. O-O Bd6 7. Re1 O-O 8.
Nc3 c6 9. Bd3 f5 10. Qe2 Nd7 11. Bg5 Ndf6 12. Qe3 Nxg5 13. Qxg5 Ne4 14. Nxe4
fxe4 15. Qxd8 Rxd8 16. Bxe4 dxe4 17. Rxe4 Bf5 18. Re2 Re8 19. Rd2 Re7 20. c4
Rae8 21. h3 Bf4 22. Rdd1 Bc2 23. Re1 Rxe1+ 24. Nxe1 Be4 25. f3 Bg6 26. d5 cxd5
27. cxd5 Bg3 28. Kf1 Rxe1+ 29. Rxe1 Bxe1 30. Kxe1 Kf7 31. Ke2 Kf6 32. Ke3 Ke5
33. g4 Kxd5 34. f4 Be8 35. g5 Bd7 36. h4 g6 37. b3 a5 38. Kd3 b5 39. a3 b4 40.
axb4 axb4 41. Ke3 Bg4 42. Kd2 Kd4 43. Ke1 Ke3 44. Kf1 Kxf4 45. Kf2 Bd1 0-1

[Event "Dragons-Fermi"]
[Site "?"]
[Date "1998.10.13"]
[Round "?"]
[White "Eustace, D"]
[Black "Para, A"]
[Result "1-0"]
[WhiteElo "1636"]
[BlackElo "1563"]
[PlyCount "65"]
[EventDate "1998.??.??"]

1. e4 g6 2. d4 Bg7 3. Nf3 d6 4. Bc4 e6 5. Nc3 Ne7 6. O-O O-O 7. Be3 Nbc6 8. Qd2
Na5 9. Bd3 b6 10. Bh6 Bb7 11. Bxg7 Kxg7 12. h4 f5 13. Ng5 Qd7 14. Rae1 14... h6
{ } 15. exf5 hxg5 16. fxe6 Qe8 17. Qxg5 Rh8 18. f4 Rh5 19. Qg4 Nf5 20. Bxf5
Rxf5 21. Qd1 Nc6 22. g4 Rf6 23. f5 Ne7 24. d5 gxf5 25. Qd4 Kg6 26. gxf5+ 26...
Rxf5 { } 27. Qg4+ 27... Kh6 { } 28. Rxf5 Nxf5 29. Qg5+ Kh7 30. Qxf5+ Qg6+ 31.
Qxg6+ Kxg6 32. Rf1 Kh5 33. Rf7 1-0

[Event "Fermi-Dragons"]
[Site "?"]
[Date "1998.10.13"]
[Round "?"]
[White "Gomez, Gerrasio"]
[Black "Altshuller, Dimitri"]
[Result "1/2-1/2"]
[WhiteElo "1556"]
[BlackElo "1785"]
[PlyCount "93"]
[EventDate "1998.??.??"]

1. e4 c5 2. Nf3 d6 3. d4 cxd4 4. Nxd4 Nf6 5. Nc3 g6 6. Bd3 Bg7 7. O-O O-O 8. h3
Nc6 9. Nxc6 bxc6 10. Bd2 Qc7 11. Re1 Be6 12. Qc1 Rab8 13. Rb1 Rfd8 14. a3 { }
14... Nd7 15. b4 Nb6 16. Kh1 Nc4 17. Ne2 Nxd2 18. Qxd2 d5 19. exd5 19... cxd5 {
} 20. Nf4 Bc3 21. Nxe6 fxe6 22. Qe3 Bxe1 23. Qxe6+ Kh8 24. Rxe1 { } 24... Rd7
25. Re5 Rb6 26. Qf7 Rf6 27. Qe8+ Kg7 28. Rg5 Qd8 29. Qxd8 29... Rxd8 { } 30.
Re5 Kf7 31. Kg1 Re6 32. Rxe6 Kxe6 33. f4 Rc8 34. a4 Rb8 35. b5 Kd6 36. Kf2 Kc5
37. a5 { } 37... Rxb5 $3 {A superb move that forces a clearly won ending!} 38.
Bxb5 Kxb5 39. a6 Kxa6 40. Ke3 Kb5 41. Kd4 a5 42. Kxd5 a4 43. c4+ { } 43... Kb4
$2 {Black should use outside passer (a-pawn) to divert White King. Black will
win Kside pawn(s) and game easily.} (43... Kb6 {
assures he can stop White's passer} 44. c5+ Kc7 45. Kc4 {
any other move allows a-pawn to queen} 45... Kc6 46. g3 a3 47. Kb3 Kxc5 48.
Kxa3 { } 48... Kd4 49. Kb4 Ke3 50. Kc4 Kf3 51. Kd4 Kxg3 52. Ke4 Kxh3 53. Kf3 (
53. f5 53... g5 $19) 53... h6 54. Kf2 Kg4 55. Ke3 55... h5 $19) 44. c5 { }
44... a3 $4 {Black can still win with Kb5!} 45. c6 a2 46. c7 a1=Q 47. c8=Q { }
1/2-1/2

[Event "Motorola-Alumni  play"]
[Site "?"]
[Date "1998.??.??"]
[Round "1"]
[White "Hasan"]
[Black "Czernieck"]
[Result "1-0"]
[WhiteElo "2220"]
[BlackElo "2065"]
[PlyCount "67"]
[EventDate "1998.??.??"]

1. Nf3 g6 2. e4 Bg7 3. Nc3 c6 4. Bc4 d6 5. d4 Nf6 6. O-O O-O 7. Bg5 b5 8. Bd3
Bg4 9. h3 Bxf3 10. Qxf3 b4 11. Ne2 Nbd7 12. Rfe1 e5 13. c3 Rb8 14. Bc4 Qa5 15.
h4 d5 16. exd5 cxd5 17. Bb3 h6 18. Bxf6 e4 19. Qh3 Nxf6 20. c4 dxc4 21. Bxc4
Rbd8 22. Rad1 h5 23. Ng3 Qc7 24. b3 Qf4 25. Ne2 Qc7 26. Qg3 Qb6 27. Qxg6 Rc8
28. Qf5 Bh6 29. Nf4 Bxf4 30. Qxf4 Kh7 31. Re3 Rg8 32. Bxf7 Rg7 33. Qf5+ Kh8 34.
Qxc8+ 1-0

[Event "Alumni-Motorola play"]
[Site "?"]
[Date "1998.??.??"]
[Round "1"]
[White "Allen"]
[Black "Morris"]
[Result "1/2-1/2"]
[WhiteElo "1975"]
[BlackElo "2145"]
[PlyCount "98"]
[EventDate "1998.??.??"]

1. d4 Nf6 2. c4 g6 3. Nc3 Bg7 4. e4 d6 5. Bd3 O-O 6. Nge2 e5 7. d5 Nbd7 8. O-O
Nh5 9. Ng3 Nf4 10. Bc2 a5 11. Be3 b6 12. Qd2 Ba6 13. b3 Nc5 14. Rfe1 Bc8 15.
Rac1 Bd7 16. Nce2 Nxe2+ 17. Rxe2 f5 18. exf5 gxf5 19. Bh6 Qf6 20. Bxg7 Qxg7 21.
f4 e4 22. Rd1 b5 23. Re3 bxc4 24. Nh5 Qh6 25. Rg3+ Kf7 26. Rh3 cxb3 27. axb3
Rg8 28. Qc3 Ke7 29. Nf6 Qxf6 30. Rxh7+ Qf7 31. Rxf7+ Kxf7 32. Rd2 Rg4 33. h3
Rg6 34. Kh1 Bb5 35. b4 axb4 36. Qxb4 Ra1+ 37. Kh2 e3 38. Rd1 Rxd1 39. Bxd1 e2
40. Bxe2 Bxe2 41. Qb8 Na6 42. Qc8 Bd3 43. Qd7+ Kg8 44. Qe8+ Kh7 45. Qe7+ Rg7
46. Qh4+ Kg8 47. Qd8+ Kh7 48. Qh4+ Kg8 49. Qd8+ Kh7 1/2-1/2

[Event "Motorola-Alumni play"]
[Site "?"]
[Date "1998.??.??"]
[Round "1"]
[White "Melnikov"]
[Black "Golia"]
[Result "0-1"]
[WhiteElo "2130"]
[BlackElo "1920"]
[PlyCount "116"]
[EventDate "1998.??.??"]

1. d4 Nf6 2. Nf3 g6 3. c4 Bg7 4. g3 O-O 5. Bg2 d6 6. O-O c6 7. Nc3 Na6 8. Bg5
h6 9. Bd2 Kh7 10. a3 Nc7 11. Qc2 d5 12. cxd5 cxd5 13. Ne5 Bf5 14. Qb3 Rb8 15.
Rfc1 Ne6 16. e3 Ne4 17. Be1 Bxe5 18. dxe5 N4c5 19. Qxd5 Qxd5 20. Bxd5 Nd3 21.
e4 Bh3 22. Bxe6 fxe6 23. Rc2 Nxe5 24. f4 Nf3+ 25. Kh1 Nd4 26. Rf2 g5 27. fxg5
hxg5 28. Rd1 Nf3 29. Bd2 Nxd2 30. Rdxd2 Rxf2 31. Rxf2 Kg7 32. Kg1 b5 33. Nd1
Rc8 34. Rd2 Rc1 35. Kf2 a6 36. Ke3 e5 37. Nf2 Re1+ 38. Kd3 Be6 39. Kc3 a5 40.
Nd3 Rxe4 41. b3 Re3 42. Kb2 a4 43. bxa4 bxa4 44. Nc5 Bb3 45. Rd3 Re2+ 46. Kc3
Rc2+ 47. Kb4 Rc4+ 48. Kb5 Rd4 49. Rxb3 axb3 50. Nxb3 Rd8 51. Nc5 Kf6 52. g4 Rd4
53. a4 e4 54. a5 e3 55. a6 e2 56. a7 e1=Q 57. a8=Q Qb4+ 58. Kc6 Rd6+ 0-1

[Event "Alumni-Motorola play"]
[Site "?"]
[Date "1998.??.??"]
[Round "1"]
[White "Frank"]
[Black "Wallach"]
[Result "0-1"]
[WhiteElo "1870"]
[BlackElo "2050"]
[PlyCount "116"]
[EventDate "1998.??.??"]

1. e4 e5 2. Nf3 Nc6 3. Bb5 a6 4. Ba4 Nf6 5. O-O b5 6. Bb3 Be7 7. Re1 O-O 8. c3
d5 9. exd5 Nxd5 10. Nxe5 Nxe5 11. Rxe5 c6 12. Bxd5 cxd5 13. d4 Bd6 14. Rh5 g6
15. Rh6 Re8 16. Be3 Bf8 17. Nd2 Bxh6 18. Bxh6 Qh4 19. Be3 Bg4 20. Nf3 Qh5 21.
h3 Bxf3 22. Qxf3 Qxf3 23. gxf3 Kg7 24. Kg2 a5 25. b3 Rac8 26. Rc1 Re6 27. Bd2
Rec6 28. c4 bxc4 29. Bxa5 Ra8 30. b4 Rca6 31. Rc2 Kf6 32. Kg3 Ke6 33. Re2+ Kd6
34. Kf4 f6 35. h4 Kd7 36. Re3 Rxa5 37. bxa5 Rxa5 38. a3 Rb5 39. Re2 Rb3 40. Ra2
Kc6 41. a4 Kb6 42. Re2 Ka5 43. Re7 Kxa4 44. Rd7 Rb5 45. Ke3 Kb3 46. Rc7 Kb2 47.
Kd2 Rb3 48. Rc5 Rd3+ 49. Ke2 Rxd4 50. h5 gxh5 51. f4 h4 52. f5 h3 53. f4 h2 54.
Rb5+ Kc2 55. Ke3 Rd3+ 56. Kf2 Rd2+ 57. Ke3 d4+ 58. Kf3 h1=Q+ 0-1

[Event "Alumni-Motorola play"]
[Site "?"]
[Date "1998.??.??"]
[Round "1"]
[White "Franek"]
[Black "Mackie"]
[Result "0-1"]
[WhiteElo "1790"]
[BlackElo "1920"]
[PlyCount "110"]
[EventDate "1998.??.??"]

1. d4 Nf6 2. c4 e6 3. Nc3 Bb4 4. e3 c5 5. Nf3 O-O 6. Bd3 Bxc3+ 7. bxc3 d6 8.
O-O Nc6 9. Qc2 b6 10. Rb1 e5 11. h3 Qe7 12. dxe5 dxe5 13. Nd2 Ba6 14. Ne4 Ne8
15. Ng3 Nf6 16. Ne4 h6 17. f4 Na5 18. fxe5 Nxe4 19. Bxe4 Bxc4 20. Bxa8 Bxf1 21.
Kxf1 Rxa8 22. Qe4 Re8 23. Rb2 Qxe5 24. Qxe5 Rxe5 25. Rd2 Re7 26. Ke2 Nc4 27.
Rd8+ Kh7 28. Kd3 Ne5+ 29. Ke2 Kg6 30. Bd2 Rd7 31. Rc8 Nc4 32. Be1 Re7 33. Bd2
f5 34. Kd3 Ne5+ 35. Ke2 Kf6 36. Rf8+ Ke6 37. Rd8 Rd7 38. Re8+ Kd5 39. Rf8 g6
40. Rh8 h5 41. Re8 Nc4 42. Be1 Rd6 43. Bg3 Re6 44. Rxe6 Kxe6 45. Bb8 a5 46. Bc7
b5 47. Bd8 b4 48. Kd3 Kd5 49. Bc7 a4 50. Bd8 b3 51. axb3 axb3 52. Bg5 Na3 53.
c4+ Nxc4 54. Kc3 b2 55. Kc2 Ke4 0-1

[Event "Tyros-Knights play"]
[Site "?"]
[Date "1998.??.??"]
[Round "1"]
[White "Tamez"]
[Black "Hill"]
[Result "1-0"]
[WhiteElo "2175"]
[BlackElo "1930"]
[PlyCount "89"]
[EventDate "1998.??.??"]

1. d4 d5 2. c4 e6 3. Nf3 Be7 4. Nc3 h6 5. Bf4 Nf6 6. e3 O-O 7. Qc2 Na6 8. Rd1
b6 9. cxd5 Nb4 10. Qb1 Nbxd5 11. Bg3 Bb7 12. Be2 Bd6 13. O-O Bxg3 14. hxg3 Qe7
15. Ne5 Rad8 16. Rc1 Nxc3 17. bxc3 Nd7 18. Nxd7 Rxd7 19. e4 c5 20. Bb5 Rc7 21.
Rcd1 cxd4 22. cxd4 Rfc8 23. Ba4 Qg5 24. Rfe1 g6 25. Bb3 h5 26. d5 exd5 27. exd5
Rc5 28. d6 Kf8 29. Qb2 f6 30. f4 Qf5 31. Be6 Rc2 32. Bxf5 Rxb2 33. Bxc8 Bc6 34.
Bh3 f5 35. d7 Bxd7 36. Rxd7 Rxa2 37. Ree7 a5 38. Rf7+ Ke8 39. Rde7+ Kd8 40. Rb7
Kc8 41. Rxb6 Ra1+ 42. Kh2 Re1 43. Rxg6 Kb8 44. Rg8+ Re8 45. Rxe8# 1-0

[Event "Knights-Tyros play"]
[Site "?"]
[Date "1998.??.??"]
[Round "1"]
[White "Suarez"]
[Black "Diaz"]
[Result "0-1"]
[WhiteElo "1765"]
[BlackElo "2005"]
[PlyCount "56"]
[EventDate "1998.??.??"]

1. d4 d5 2. c4 e6 3. Nc3 c6 4. e3 Nf6 5. Nf3 Bd6 6. Bd3 O-O 7. O-O Nbd7 8. e4
dxe4 9. Nxe4 Nxe4 10. Bxe4 Nf6 11. Bc2 h6 12. Qe2 Bd7 13. Ne5 Rc8 14. Qd3 Re8
15. Re1 c5 16. Bxh6 gxh6 17. Nxf7 Bxh2+ 18. Kxh2 Kxf7 19. Qg6+ Ke7 20. dxc5 Rg8
21. Qd3 Rxc5 22. Rad1 Qc7+ 23. g3 Rh5+ 24. Kg1 Bc6 25. Qa3+ Kf7 26. Be4 Bxe4
27. Rxe4 Nxe4 28. Qf3+ Nf6 0-1

[Event "Knights-Tyros play"]
[Site "?"]
[Date "1998.??.??"]
[Round "1"]
[White "Yacout"]
[Black "Brozovich"]
[Result "0-1"]
[WhiteElo "1605"]
[BlackElo "1705"]
[PlyCount "62"]
[EventDate "1998.??.??"]

1. d4 e6 2. c4 Nf6 3. Nf3 b6 4. Nc3 Bb4 5. Bd2 Bb7 6. a3 Bxc3 7. Bxc3 d5 8. e3
Nbd7 9. Bd3 O-O 10. O-O c5 11. Rc1 Rc8 12. b4 Ne4 13. bxc5 bxc5 14. Nd2 Nxc3
15. Rxc3 cxd4 16. exd4 dxc4 17. Nxc4 Qg5 18. g3 Qd5 19. Bxh7+ Kxh7 20. Qd3+ Kg8
21. f3 Ba6 22. Rfc1 Rxc4 23. Rxc4 Nb6 24. Rc5 Bxd3 25. Rxd5 Nxd5 26. Rd1 Be2
27. Rb1 Bxf3 28. Rb7 Ra8 29. Kf2 Be4 30. h4 a5 31. g4 Nf6 0-1

[Event "Tyros-Knights play"]
[Site "?"]
[Date "1998.??.??"]
[Round "1"]
[White "Shenouda"]
[Black "Elliott"]
[Result "1-0"]
[WhiteElo "1660"]
[BlackElo "1605"]
[PlyCount "55"]
[EventDate "1998.??.??"]

1. e4 e5 2. Nf3 Nc6 3. Bc4 d6 4. d3 Nf6 5. Ng5 d5 6. exd5 Nxd5 7. Qf3 Be6 8.
Nxe6 fxe6 9. c3 a6 10. b4 b5 11. Bb3 Qd7 12. a4 Nce7 13. axb5 Nf4 14. Qxa8+ Nc8
15. Bxf4 exf4 16. Rxa6 Bd6 17. Qe4 Ke7 18. O-O g6 19. Re1 e5 20. c4 Kd8 21. c5
Re8 22. cxd6 Nxd6 23. Ra8+ Nc8 24. b6 cxb6 25. Ba4 b5 26. Rc1 Ke7 27. Qxe5+ Kf8
28. Qh8+ 1-0

[Event "Exemplars-Columbia play"]
[Site "?"]
[Date "1998.??.??"]
[Round "1"]
[White "Gazmen"]
[Black "McAlister"]
[Result "1/2-1/2"]
[WhiteElo "2165"]
[BlackElo "1970"]
[PlyCount "86"]
[EventDate "1998.??.??"]

1. e4 c6 2. d3 d5 3. Nd2 e5 4. Ngf3 Bd6 5. Be2 Nf6 6. O-O O-O 7. Qe1 dxe4 8.
dxe4 h6 9. Bc4 Qe7 10. Bb3 Be6 11. Nc4 Nbd7 12. Nxd6 Qxd6 13. Bxe6 Qxe6 14. b3
Qg4 15. Nd2 b5 16. f3 Qg6 17. Rf2 Nh5 18. Nf1 Nf4 19. Rd2 Rad8 20. Ba3 Rfe8 21.
Ne3 Nf8 22. Rad1 Qg5 23. g3 N4e6 24. Kg2 h5 25. h4 Qf6 26. c3 g6 27. Bb4 Rxd2+
28. Rxd2 Rd8 29. Ba5 Rxd2+ 30. Qxd2 Qe7 31. Kf1 Qd7 32. Qxd7 Nxd7 33. Bb4 f6
34. Bd6 Kf7 35. Ke2 Ng7 36. g4 Ke6 37. Ba3 a6 38. Bc1 Kf7 39. Nc2 Ne6 40. Nb4
Nb8 41. Be3 a5 42. Nd3 Nd7 43. gxh5 gxh5 1/2-1/2

[Event "Exemplars-Columbia play"]
[Site "?"]
[Date "1998.??.??"]
[Round "1"]
[White "Sollano"]
[Black "Pratts"]
[Result "1-0"]
[WhiteElo "1950"]
[BlackElo "1790"]
[PlyCount "49"]
[EventDate "1998.??.??"]

1. Nf3 Nf6 2. d4 e6 3. e3 b6 4. Nbd2 Bb7 5. Bd3 d5 6. Ne5 Nbd7 7. f4 Be7 8. O-O
Ne4 9. Nxe4 dxe4 10. Bb5 c6 11. Nxc6 Qc7 12. Ne5 O-O-O 13. Nxf7 Rdf8 14. Nxh8
Rxh8 15. Qg4 Qd6 16. Bxd7+ Kxd7 17. c4 Rg8 18. Bd2 g5 19. f5 exf5 20. Qxf5+ Qe6
21. Qxe6+ Kxe6 22. d5+ Kd6 23. Bb4+ Kd7 24. Rf7 Re8 25. d6 1-0

[Event "Columbia-Exemplars play"]
[Site "?"]
[Date "1998.??.??"]
[Round "1"]
[White "Stevens"]
[Black "Sullivan"]
[Result "1-0"]
[WhiteElo "1605"]
[BlackElo "1940"]
[PlyCount "73"]
[EventDate "1998.??.??"]

1. e4 c5 2. Nf3 Nc6 3. d4 cxd4 4. Nxd4 d6 5. c4 Nf6 6. Nc3 a6 7. Be2 e6 8. Be3
Be7 9. O-O O-O 10. Qd2 Qc7 11. Rfd1 b6 12. f3 Bb7 13. Rac1 Ne5 14. b3 Nfd7 15.
f4 Nc6 16. Bf3 Rad8 17. Qf2 Nxd4 18. Bxd4 e5 19. fxe5 dxe5 20. Be3 Ba3 21. Rc2
Nf6 22. Rxd8 Qxd8 23. Bxb6 Qc8 24. Nd5 Qc6 25. Nxf6+ Qxf6 26. Bc5 Bxc5 27. Qxc5
Rd8 28. Qe3 Qd6 29. Kf2 g6 30. Ke1 Qb4+ 31. Qc3 Qc5 32. Kf1 a5 33. Rd2 Rd4 34.
Rxd4 exd4 35. Qd3 Kg7 36. Kf2 f6 37. e5 {Bl flagged} 1-0

[Event "Chargers-Royals play"]
[Site "?"]
[Date "1998.??.??"]
[Round "1"]
[White "Buchner"]
[Black "Warren"]
[Result "1/2-1/2"]
[WhiteElo "2045"]
[BlackElo "2115"]
[PlyCount "49"]
[EventDate "1998.??.??"]

1. e4 c6 2. d4 d5 3. exd5 cxd5 4. c4 Nf6 5. Nc3 e6 6. Nf3 Bb4 7. Bd3 O-O 8. O-O
dxc4 9. Bxc4 Nc6 10. Re1 Nd5 11. Qd3 Na5 12. Bb5 Bd7 13. Bxd7 Qxd7 14. Ne5 Qd8
15. Qg3 Kh8 16. Re4 Nc6 17. Rg4 Nxe5 18. Qxe5 f6 19. Qh5 Qe8 20. Qh3 f5 21. Rh4
Qg6 22. Ne2 Bd6 23. Bf4 Nxf4 24. Nxf4 Bxf4 25. Rxf4 1/2-1/2

[Event "Chargers-Royals play"]
[Site "?"]
[Date "1998.??.??"]
[Round "1"]
[White "Marcowca"]
[Black "Peijffers"]
[Result "1-0"]
[WhiteElo "1945"]
[BlackElo "2025"]
[PlyCount "99"]
[EventDate "1998.??.??"]

1. d4 Nf6 2. c4 d6 3. g3 g6 4. Nf3 Bg7 5. Nc3 O-O 6. Bg2 Nc6 7. d5 Na5 8. Qa4
c5 9. Nd2 Bd7 10. Qd1 a6 11. a4 Qc7 12. O-O Rfb8 13. e4 Qc8 14. Qe2 Bg4 15. Qd3
Bh3 16. Ra3 Bxg2 17. Kxg2 Ng4 18. f4 Bd4 19. Nd1 e5 20. h3 Nf6 21. Nf3 Nh5 22.
fxe5 dxe5 23. Bd2 Qc7 24. Ng5 Rf8 25. Nc3 h6 26. Nf3 Kg7 27. Nh4 b6 28. Qe2 Qd6
29. Qxh5 Nxc4 30. Qxh6+ Kg8 31. Nf5 gxf5 32. Qxd6 Nxd6 33. Bh6 Nc4 34. Rb3 fxe4
35. Nxe4 f5 36. Bxf8 Rxf8 37. Nf2 Ne3+ 38. Kg1 Nxf1 39. Kxf1 Rf6 40. h4 f4 41.
Ne4 Rf8 42. g4 Rb8 43. h5 b5 44. axb5 axb5 45. g5 Ra8 46. Ra3 Rd8 47. Ra7 c4
48. Rb7 Bxb2 49. Nf6+ Kf8 50. g6 1-0

[Event "Royals-Chargers play"]
[Site "?"]
[Date "1998.??.??"]
[Round "1"]
[White "Pehas"]
[Black "Rosley"]
[Result "0-1"]
[WhiteElo "1985"]
[BlackElo "1740"]
[PlyCount "66"]
[EventDate "1998.??.??"]

1. c4 g6 2. g3 Bg7 3. Bg2 Nf6 4. Nc3 O-O 5. e4 d6 6. Nge2 c5 7. O-O Nc6 8. d3
Rb8 9. h3 Bd7 10. Be3 a6 11. a4 Qc8 12. Kh2 { } 12... Nb4 13. Rc1 {
another plan is f4, g4, Ng3 attacking Kside} 13... Qe8 14. d4 cxd4 15. Nxd4 Nc6
16. b3 16... h5 { } 17. Qd2 Kh7 18. f4 Nxd4 19. Bxd4 b5 20. axb5 axb5 21. c5 { 
} 21... dxc5 22. Bxc5 Bc6 23. Nd5 23... Rd8 { } 24. Nxf6+ Bxf6 25. Qb4 {
threat: 26 e5 Bg7 27 Bxe7} 25... Rd7 26. e5 Bxg2 27. Kxg2 Bg7 28. Rfd1 { }
28... Qa8+ 29. Kf2 $2 29... Qa2+ 30. Kg1 { Suddenly, the K has no clothes!}
30... Rfd8 31. Rxd7 31... Rxd7 { threat Rd2, then Rg2+} 32. Be3 32... Rd3 { }
33. Qxb5 $4 (33. Bf2 Rxb3 (33... Rd2 34. Rf1 {and then Qxb5/e7}) 34. Qxe7 Rb2
35. Rf1 b4) (33. Re1 $2 33... Qxb3 34. Qc5 (34. Qxe7 $4 34... Rxe3) (34. Qxb3
Rxb3)) 33... Rxe3 0-1